000 01240nam0a22002891 4500
001 rc\3987026
005 20250610224048.0
021 _aRU
_b[56-27933]
035 _a(NLR Aleph) 007937998
090 _a8261053
_c8261053
100 _a20130415d1956 |||y0rusy50 ca
101 0 _arus
102 _aRU
105 _ay z |||c|
200 1 _aЖивое богатство
_eОчерки
210 _aМосква
_cПравда
_d1956
215 _a48 с.
_d17
225 1 _aБиблиотека "Огонек"
_v№ 20
327 1 _aСодерж.: Живое богатство; Калужские гуси; Степь Стрелецкая; В вологодских лесах; Наступление на Кырк-кыз
464 0 _12001#$aЖивое богатство$aКалужские гуси$aСтепь Стрелецкая$aВ вологодских лесах$aНаступление на Кырк-кыз
_tНаступление на Кырк-кыз
700 1 _aТитов
_bВ. С.
_cписатель
_f1908-
_gВасилий Сергеевич
_9212348
_3RU\NLR\AUTH\770212404
801 0 _aRU
_bNLR
_gpsbo
801 1 _aRU
_bELAR
_2rusmarc
852 _aNLR
_jЛ30 Г-2/3370
942 _cBOOK
980 _aNB